Bezpečnosť hormonálnej substitučnej liečby v menopauze a jej priaznivý vplyv na lipidické spektrum

Bibliographic Details
Main Authors: Murín, Ján, 1949- (Author), Borovský, Miroslav, 1952- (Author), Payer, Juraj, 1958- (Author), Killinger, Zdenko, 1960- (Author), Štecová, L. (Author)
Format: Article
Language:Slovak
PhysicalDescription:Tab. 6, res. angl., slov., lit. 45 zázn. v angl.
ISSN:0042-773X
Subjects:

MARC

LEADER 00000nab a2200000 a 4500
001 vtls000574076
003 SK-MaSNL
005 20260305001548.0
008 250425c1995 xo 0 slo
015 |a SNBRB19rr/mm-uuuuu 
035 |a CL0574214 
035 |a urn:nbn:sk:snk-abakh7 
035 |a (urnnbn)urn:nbn:sk:snk:ar-a0a0wd 
035 |a (uuid)fecf1481-143d-4808-b500-e28bd5972c67 
040 |a SNKBUCL  |b slo  |c SNKBUCL  |e AACR2 
041 0 |a slo 
044 |a xo  |c SK 
080 |a 616-008.841.7:577.115:612.397:618.173:615.335  |2 1981 
080 |a 577.115  |2 1981 
080 |a 612.397  |2 1981 
080 |a 618.173  |2 1981 
080 |a 615.335  |2 1981 
245 0 0 |a Bezpečnosť hormonálnej substitučnej liečby v menopauze a jej priaznivý vplyv na lipidické spektrum  |c Ján Murín ... [et al.] 
300 |b Tab. 6, res. angl., slov., lit. 45 zázn. v angl. 
650 0 7 |a lipidy sérové  |2 snkbucl  |9 855950 
650 0 7 |a menopauza  |2 snkbucl  |9 2505 
655 7 |a články z novín a časopisov  |2 snkbucl  |9 267496 
700 1 |a Murín, Ján,  |d 1949-  |4 aut  |9 192427 
700 1 |a Borovský, Miroslav,  |d 1952-  |4 aut  |9 204773 
700 1 |a Payer, Juraj,  |d 1958-  |4 aut  |9 190344 
700 1 |a Killinger, Zdenko,  |d 1960-  |4 aut  |9 190338 
700 1 |a Štecová, L.  |4 aut  |9 713163 
773 0 |t Vnitřní lékařství  |g Roč. 41, č. 10 (1995), s. 672-676  |x 0042-773X 
850 |a Slovenská národná knižnica 
852 |a Slovenská národná knižnica 
954 |a odborná, vedecká literatúra pôvodná (slovenská)  |2 lita 
958 |a article14 
958 |a RK 
958 |a NB 
958 |a OND 
958 |a EUIPO 
992 |a RBX 
999 |c 3220102  |d 3222032